LEADER 01250nam a2200265 i 4500 001 000000135454 003 CaOOAMICUS 005 20050304000000.0 008 050304n it u000 u fre u 013 $a108786 040 $aSeMil$bita 100 1 $aLa Fontaine, Jean : de,$d<1621-1695>.$0(OLS)http://semarc/name/36748 245 10$aFables /$cde La Fontaine avec la préface, les élégies et les épîtres à l'usage des Écoles Complémentaires et des Instituts d'éducation. 250 $aÉdition revue et corrigée. 260 $aTorino ; Milano ; Firenze ; Roma ; Napoli ; Palermo :$bParavia & C.,$c[193?] 300 $a288 p. ;$c19 cm. 490 0 $aInsegnamento delle lingue straniere 650 4$aFavole francesi.$0(OLS)http://semarc/subject/26665 700 1 $aLessona, Mario.$0(OLS)http://semarc/name/55277 830 0$aInsegnamento delle lingue straniere.$0(OLS)http://semarc/title/16523 850 $aSeMil 852 $aSeMil$W1$xVenegono$y1$m108 35 2 *$j89119$B89119$CSeMilBibl$Z2$F93853 $81 961 $aRecupero: Biblioteca Seminario Liceale 996 $6245$aFables$9(OLS)http://semarc/title/198090 996 $6260$aTorino ; Milano ; Firenze ; Roma ; Napoli ; Palermo :$bParavia & C.$9(OLS)http://semarc/publisher/32997 LEADER 01019nam a2200289 i 4500 001 000000118918 003 CaOOAMICUS 005 20240405122535.0 008 051020s1993 it u000 u ita u 013 $a91611 020 $a88-15-03685-7 040 $aSeMil$bita 100 1 $aChiaromonte, Nicola.$0(OLS)http://semarc/name/34005 245 10$aCredere e non credere /$cNicola Chiaromonte. 260 $aBologna :$bIl Mulino,$ccopyr. 1993. 300 $a219 p. ;$c22 cm. 490 0 $aIntersezioni ;$v108 500 $aFondo Ciprandi. 830 0$aIntersezioni ;$v108.$0(OLS)http://semarc/title/6889 850 $aSeMil 852 $aSeMil$W1$xVenegono$y1$m1C III 90$j74164$B74164$CSeMilBibl$Z2$F104709 $81 941 1 $a1 961 $aOmaggio: Ciprandi dott. Paolo 996 $6020$a88-15-03685-7$9(OLS)http://semarc/number/103625 996 $6245$aCredere e non credere$9(OLS)http://semarc/title/174692 996 $6260$aBologna :$bIl Mulino$9(OLS)http://semarc/publisher/29842 LEADER 01269nam a2200313 i 4500 001 000000125691 003 CaOOAMICUS 005 20051223000000.0 008 051223s1990 it u000 u ita u 013 $a98392 020 $a88-7836-335-9 040 $aSeMil$bita 100 1 $aMarconi, Emo.$0(OLS)http://semarc/name/52204 245 10$aSpazio e linguaggio /$cEmo Marconi. 260 $aMilano :$bI.P.L.,$c1990. 300 $a258 p. :$bill. ;$c21 cm. 490 0 $aRicerche di filosofia e di storia della filosofia ;$v12 500 $aFondo Card. C.M. Martini. 650 4$aLinguistica matematica.$0(OLS)http://semarc/subject/24465 650 4$aLogica simbolica.$0(OLS)http://semarc/subject/14313 650 4$aFilosofia del linguaggio.$0(OLS)http://semarc/subject/3184 830 0$aRicerche di filosofia e di storia della filosofia ;$v12.$0(OLS)http://semarc/title/10109 850 $aSeMil 852 $aSeMil$W1$xVenegono$y1$m2P I 625$j80113$B80113$CSeMilBibl$Z2$F108619 $81 941 1 $a4 961 $aOmaggio: Martini Card. Carlo Maria 996 $6020$a88-7836-335-9$9(OLS)http://semarc/number/111664 996 $6245$aSpazio e linguaggio$9(OLS)http://semarc/title/185135 996 $6260$aMilano :$bI.P.L.$9(OLS)http://semarc/publisher/34317